| 000 | 00964nam a22003737a 4500 | ||
|---|---|---|---|
| 001 | BR2016002490 | ||
| 003 | BR-BrBNA | ||
| 005 | 20230928104903.0 | ||
| 007 | ta | ||
| 008 | 230509b bl.||||| |||| 00| 0 por d | ||
| 040 |
_aBR-BrBNA _bpor _cBiblioteca Nacional de Agricultura |
||
| 041 | _a(Por) | ||
| 072 | _aF01 | ||
| 090 | _ F01 BR2016002490 | ||
| 100 | 1 | _aSuperintendência do Desenvolvimento da Amazônia, Manaus, AM (Brazil) | |
| 110 | 1 | _a(Brasil) | |
| 245 | 1 | _aProjeto Amazônia: v. 6 cartogramas | |
| 260 | 3 |
_aManaus, AM (Brasil): _c1977. |
|
| 300 | _avp. | ||
| 650 | _aPROJETO DE DESENVOLVIMENTO | ||
| 650 | _aAPTIDÃO AGRÍCOLA | ||
| 650 | _aIMPLANTAÇÃO DE CULTURA | ||
| 650 | _aCANA DE AÇÚCAR | ||
| 650 | _aFEIJÃO | ||
| 650 | _aMILHO | ||
| 650 | _aARROZ | ||
| 650 | _aCACAU | ||
| 650 | _aMANDIOCA | ||
| 650 | _aJUTA | ||
| 650 | _aPIMENTA | ||
| 650 | _aDENDÊ | ||
| 909 |
_a202309 _bLucia _c55 _dLucia Elande |
||
| 942 | _cBK | ||
| 999 |
_c82276 _d82276 |
||